Management in education / (Record no. 343837)
[ view plain ]
| 000 -LEADER | |
|---|---|
| fixed length control field | 00579 a2200169 4500 |
| 020 ## - INTERNATIONAL STANDARD BOOK NUMBER | |
| International Standard Book Number | 8176482374 |
| 020 ## - INTERNATIONAL STANDARD BOOK NUMBER | |
| International Standard Book Number | 9788176482370 |
| 090 ## - LOCALLY ASSIGNED LC-TYPE CALL NUMBER (OCLC); LOCAL CALL NUMBER (RLIN) | |
| -- | 1314 |
| -- | 1314 |
| 100 1# - MAIN ENTRY--PERSONAL NAME | |
| Personal name | Choudhary, N.R. |
| 245 10 - TITLE STATEMENT | |
| Title | Management in education / |
| Statement of responsibility, etc. | N.R. Choudhary. |
| 260 ## - PUBLICATION, DISTRIBUTION, ETC. | |
| Place of publication, distribution, etc. | [S.l.] : |
| Name of publisher, distributor, etc. | APH Publishing Corporation, |
| Date of publication, distribution, etc. | 2001. |
| 300 ## - PHYSICAL DESCRIPTION | |
| Extent | 1 v. (unpaged) |
| 500 ## - GENERAL NOTE | |
| General note | Hardcover. |
| 856 40 - ELECTRONIC LOCATION AND ACCESS | |
| Materials specified | Amazon.com |
| Uniform Resource Identifier | <a href="http://www.amazon.com/exec/obidos/ASIN/8176482374/chopaconline-20">http://www.amazon.com/exec/obidos/ASIN/8176482374/chopaconline-20</a> |
| 856 40 - ELECTRONIC LOCATION AND ACCESS | |
| Materials specified | Amazon customer reviews |
| Uniform Resource Identifier | <a href="http://www.chopac.org/cgi-bin/tools/azrev.pl?q=8176482374">http://www.chopac.org/cgi-bin/tools/azrev.pl?q=8176482374</a> |
| 942 ## - ADDED ENTRY ELEMENTS (KOHA) | |
| Institution code [OBSOLETE] | NBS |
| Koha item type | Book |
| Call number prefix | 371.2 CHO |
| Withdrawn status | Lost status | Damaged status | Not for loan | Permanent Location | Current Location | Date acquired | Total Checkouts | Full call number | Barcode | Date last seen | Date last checked out | Price effective from | Koha item type |
|---|---|---|---|---|---|---|---|---|---|---|---|---|---|
| Central Library (CL) | Central Library (CL) | 08/28/2013 | 1 | 371.2 CHO | NBS4996 | 11/23/2017 | 08/22/2017 | 08/28/2013 | Book |
